|
|
|
|
| LEADER |
01464nam a22003017a 4500 |
| 001 |
37291 |
| 003 |
BD-DhAAL |
| 005 |
20250807144405.0 |
| 008 |
210208r20182012bg ||||| |||| 00| 1 ben d |
| 020 |
|
|
|a 9847010505597
|
| 040 |
|
|
|a BD-DhAAL
|
| 041 |
|
|
|a ben
|
| 082 |
|
|
|a 891.44371
|
| 100 |
|
|
|a আহমেদ, হুমায়ূন
|9 40901
|
| 245 |
|
|
|a হিমুসমগ্র ২ /
|c হুমায়ূন আহমেদ
|
| 246 |
|
|
|a Himu samagra/2
|
| 260 |
|
|
|a ঢাকা :
|b অনন্যা,
|c ২০১২, ২০১৮ [চতুর্থ মুদ্রণ]
|
| 300 |
|
|
|a ৫০৩ পৃষ্ঠা ;
|c ২২ সে.মি.
|
| 500 |
|
|
|a Cataloguing during COVID-19 pandemic
|
| 526 |
|
|
|a AAL
|
| 541 |
|
|
|a Hye trade international
|e 37291, 37292
|
| 546 |
|
|
|a In Bengali.
|
| 650 |
|
|
|a Bengali fiction
|z Bangladesh.
|9 40903
|
| 852 |
|
|
|a Ayesha Abed Library
|c General Stacks
|
| 942 |
|
|
|2 ddc
|c BK
|
| 999 |
|
|
|c 43199
|d 43199
|
| 952 |
|
|
|0 0
|1 0
|2 ddc
|4 0
|6 891_443710000000000_AHM
|7 0
|9 69218
|a BRACUL
|b BRACUL
|c GEN
|d 2020-12-09
|e Hye trade international
|g 649.50
|l 19
|m 96
|o 891.44371 AHM
|p 3010037291
|q 2026-06-02
|r 2026-05-20
|s 2026-05-20
|t 1
|v 649.50
|w 2020-12-09
|y BK
|x Received during COVID-19 pandemic
|
| 952 |
|
|
|0 0
|1 0
|2 ddc
|4 0
|6 891_443710000000000_AHM
|7 0
|9 69219
|a BRACUL
|b BRACUL
|c GEN
|d 2020-12-09
|e Hye trade international
|g 649.50
|l 22
|m 99
|o 891.44371 AHM
|p 3010037292
|q 2026-06-02
|r 2026-05-19
|s 2026-05-19
|t 2
|v 649.50
|w 2020-12-09
|y BK
|x Received during COVID-19 pandemic
|